Synthesis of Ultradisperse Carbon Dioxide Powder with Plasma-Dynamic Method in the Coaxial Magneto-Plasma Accelerator; European Physical Journal Web of Conferences (EPJ Web of Conferences); Vol. 110 : Thermophysical Basis of Energy Technologies
| Parent link: | European Physical Journal Web of Conferences (EPJ Web of Conferences) Vol. 110 : Thermophysical Basis of Energy Technologies.— 2016.— [01022, 4 p.] |
|---|---|
| Автор: | |
| Співавтор: | |
| Інші автори: | , |
| Резюме: | Title screen One of the most promising trends in modern physics is the high-temperature superconductivity. Analysis of high-temperature superconductors revealed that almost all of them are complex copper-based oxides. Studies have shown the possibility of using them for the synthesis of coaxial magneto accelerator. Studies have identified the products synthesized soot: Cu, Cu[2]O, CuO, their shape and size. Also been deciphered and electron microscopy confirmed the composition of the nanopowder obtained in laboratory conditions. |
| Мова: | Англійська |
| Опубліковано: |
2016
|
| Предмети: | |
| Онлайн доступ: | http://dx.doi.org/10.1051/epjconf/201611001022 http://earchive.tpu.ru/handle/11683/33359 |
| Формат: | MixedMaterials Електронний ресурс Частина з книги |
| KOHA link: | https://koha.lib.tpu.ru/cgi-bin/koha/opac-detail.pl?biblionumber=647654 |
MARC
| LEADER | 00000nla2a2200000 4500 | ||
|---|---|---|---|
| 001 | 647654 | ||
| 005 | 20250520135907.0 | ||
| 035 | |a (RuTPU)RU\TPU\network\12800 | ||
| 035 | |a RU\TPU\network\12799 | ||
| 090 | |a 647654 | ||
| 100 | |a 20160419a2016 k y0engy50 ba | ||
| 101 | 0 | |a eng | |
| 105 | |a y z 100zy | ||
| 135 | |a drcn ---uucaa | ||
| 181 | 0 | |a i | |
| 182 | 0 | |a b | |
| 200 | 1 | |a Synthesis of Ultradisperse Carbon Dioxide Powder with Plasma-Dynamic Method in the Coaxial Magneto-Plasma Accelerator |f E. O. Golyanskaya, A. A. Sivkov, Zh. S. Anikina | |
| 203 | |a Text |c electronic | ||
| 300 | |a Title screen | ||
| 320 | |a [References: 7 tit.] | ||
| 330 | |a One of the most promising trends in modern physics is the high-temperature superconductivity. Analysis of high-temperature superconductors revealed that almost all of them are complex copper-based oxides. Studies have shown the possibility of using them for the synthesis of coaxial magneto accelerator. Studies have identified the products synthesized soot: Cu, Cu[2]O, CuO, their shape and size. Also been deciphered and electron microscopy confirmed the composition of the nanopowder obtained in laboratory conditions. | ||
| 461 | 0 | |0 (RuTPU)RU\TPU\network\7958 |t European Physical Journal Web of Conferences (EPJ Web of Conferences) | |
| 463 | 0 | |0 (RuTPU)RU\TPU\network\12773 |t Vol. 110 : Thermophysical Basis of Energy Technologies |o Proceedings of the Conference, October 13-15, 2015, Tomsk, Russia |f National Research Tomsk Polytechnic University (TPU) ; eds. G. V. Kuznetsov [et al.] |v [01022, 4 p.] |d 2016 | |
| 610 | 1 | |a электронный ресурс | |
| 610 | 1 | |a труды учёных ТПУ | |
| 610 | 1 | |a ультрадисперсные порошки | |
| 610 | 1 | |a двуокись углерода | |
| 610 | 1 | |a магнитоплазменные ускорители | |
| 610 | 1 | |a высокотемпературная сверхпроводимость | |
| 610 | 1 | |a высокотемпературные сверхпроводники | |
| 610 | 1 | |a нанопорошки | |
| 610 | 1 | |a электронная микроскопия | |
| 700 | 1 | |a Golyanskaya |b E. O. |g Evgeniya | |
| 701 | 1 | |a Sivkov |b A. A. |c Specialist in the field of electric power engineering |c Professor of Tomsk Polytechnic University, Doctor of technical sciences |f 1951- |g Aleksandr Anatolyevich |3 (RuTPU)RU\TPU\pers\32273 |9 16262 | |
| 701 | 1 | |a Anikina |b Zh. S. |c linguist |c senior lecturer of Tomsk Polytechnic University |f 1979- |g Zhanna Sergeevna |3 (RuTPU)RU\TPU\pers\35762 | |
| 712 | 0 | 2 | |a Национальный исследовательский Томский политехнический университет |c (2009- ) |9 26305 |
| 801 | 2 | |a RU |b 63413507 |c 20161121 |g RCR | |
| 850 | |a 63413507 | ||
| 856 | 4 | |u http://dx.doi.org/10.1051/epjconf/201611001022 | |
| 856 | 4 | 0 | |u http://earchive.tpu.ru/handle/11683/33359 |
| 942 | |c CF | ||